000 00398nam a2200181Ia 4500
005 20250603145741.0
008 250603s9999 xx 000 0 und d
020 _a9789400773738
050 _aQC 225.7 .F37/
100 _aFarina, Almo
245 0 _aSoundscape Ecology
260 _aNew York
260 _bSpringer
260 _c2014
300 _a15 p
650 _aNew York
942 _cBK
999 _c42746
_d42746